<?xml version="1.0" encoding="UTF-8"?>
<collection xmlns="http://www.loc.gov/MARC21/slim">
 <record>
  <leader>02961cam a22005652  4500</leader>
  <controlfield tag="001">1123910960</controlfield>
  <controlfield tag="003">DE-627</controlfield>
  <controlfield tag="005">20240401183451.0</controlfield>
  <controlfield tag="007">tu</controlfield>
  <controlfield tag="008">960826s1955    xx ||||| m    00| ||ger c</controlfield>
  <datafield tag="035" ind1=" " ind2=" ">
   <subfield code="a">(DE-627)1123910960</subfield>
  </datafield>
  <datafield tag="035" ind1=" " ind2=" ">
   <subfield code="a">(DE-576)053910966</subfield>
  </datafield>
  <datafield tag="035" ind1=" " ind2=" ">
   <subfield code="a">(DE-599)BSZ053910966</subfield>
  </datafield>
  <datafield tag="035" ind1=" " ind2=" ">
   <subfield code="a">(OCoLC)312557597</subfield>
  </datafield>
  <datafield tag="035" ind1=" " ind2=" ">
   <subfield code="a">(OCoLC)312557597</subfield>
  </datafield>
  <datafield tag="035" ind1=" " ind2=" ">
   <subfield code="a">(DE-604)8050222015</subfield>
  </datafield>
  <datafield tag="040" ind1=" " ind2=" ">
   <subfield code="a">DE-627</subfield>
   <subfield code="b">ger</subfield>
   <subfield code="c">DE-627</subfield>
   <subfield code="e">rakwb</subfield>
  </datafield>
  <datafield tag="041" ind1=" " ind2=" ">
   <subfield code="a">ger</subfield>
  </datafield>
  <datafield tag="084" ind1=" " ind2=" ">
   <subfield code="a">9,10</subfield>
   <subfield code="2">ssgn</subfield>
  </datafield>
  <datafield tag="084" ind1=" " ind2=" ">
   <subfield code="a">NR 2165</subfield>
   <subfield code="2">rvk</subfield>
   <subfield code="0">(DE-625)rvk/129191:</subfield>
  </datafield>
  <datafield tag="100" ind1="1" ind2=" ">
   <subfield code="a">Kaiser, Karlwerner</subfield>
   <subfield code="d">1911-1994</subfield>
   <subfield code="0">(DE-588)1073667545</subfield>
   <subfield code="0">(DE-627)829326421</subfield>
   <subfield code="0">(DE-576)435251740</subfield>
   <subfield code="4">aut</subfield>
  </datafield>
  <datafield tag="245" ind1="1" ind2="4">
   <subfield code="a">Das Kloster St. German vor Speyer</subfield>
   <subfield code="c">Karlwerner Kaiser</subfield>
  </datafield>
  <datafield tag="246" ind1="3" ind2="0">
   <subfield code="a">Sankt</subfield>
  </datafield>
  <datafield tag="246" ind1="3" ind2="3">
   <subfield code="a">Die anthropologischen Funde vom Germansberg</subfield>
  </datafield>
  <datafield tag="249" ind1=" " ind2=" ">
   <subfield code="a">Die anthropologischen Funde vom Germansberg</subfield>
   <subfield code="v">Ilse Schwidetzky</subfield>
  </datafield>
  <datafield tag="263" ind1=" " ind2=" ">
   <subfield code="a">kart. : 15.-</subfield>
  </datafield>
  <datafield tag="264" ind1=" " ind2="1">
   <subfield code="a">Speyer</subfield>
   <subfield code="b">Verl. d. Pfälz. Gesellsch. z. Förderung d. Wiss.</subfield>
   <subfield code="c">1955</subfield>
  </datafield>
  <datafield tag="300" ind1=" " ind2=" ">
   <subfield code="a">146 S.</subfield>
   <subfield code="b">6 Bl. Ill., 6 Taf., 1 Übersichtsplan</subfield>
  </datafield>
  <datafield tag="336" ind1=" " ind2=" ">
   <subfield code="a">Text</subfield>
   <subfield code="b">txt</subfield>
   <subfield code="2">rdacontent</subfield>
  </datafield>
  <datafield tag="337" ind1=" " ind2=" ">
   <subfield code="a">ohne Hilfsmittel zu benutzen</subfield>
   <subfield code="b">n</subfield>
   <subfield code="2">rdamedia</subfield>
  </datafield>
  <datafield tag="338" ind1=" " ind2=" ">
   <subfield code="a">Band</subfield>
   <subfield code="b">nc</subfield>
   <subfield code="2">rdacarrier</subfield>
  </datafield>
  <datafield tag="490" ind1="1" ind2=" ">
   <subfield code="a">Veröffentlichungen der Pfälzischen Gesellschaft zur Förderung der Wissenschaften</subfield>
   <subfield code="v">33</subfield>
  </datafield>
  <datafield tag="500" ind1=" " ind2=" ">
   <subfield code="a">Im Buch fälschlich als Bd. 31 gezählt</subfield>
  </datafield>
  <datafield tag="583" ind1="1" ind2=" ">
   <subfield code="a">Archivierung/Langzeitarchivierung gewährleistet</subfield>
   <subfield code="f">SSG</subfield>
   <subfield code="x">XA-DE-BW</subfield>
   <subfield code="2">pdager</subfield>
   <subfield code="5">DE-16</subfield>
  </datafield>
  <datafield tag="655" ind1=" " ind2="7">
   <subfield code="a">Hochschulschrift</subfield>
   <subfield code="0">(DE-588)4113937-9</subfield>
   <subfield code="0">(DE-627)105825778</subfield>
   <subfield code="0">(DE-576)209480580</subfield>
   <subfield code="2">gnd-content</subfield>
  </datafield>
  <datafield tag="689" ind1="0" ind2="0">
   <subfield code="d">b</subfield>
   <subfield code="0">(DE-588)4224840-1</subfield>
   <subfield code="0">(DE-627)700674322</subfield>
   <subfield code="0">(DE-576)210301457</subfield>
   <subfield code="a">Kloster St. German Speyer</subfield>
   <subfield code="2">gnd</subfield>
  </datafield>
  <datafield tag="689" ind1="0" ind2="1">
   <subfield code="d">s</subfield>
   <subfield code="0">(DE-588)4129464-6</subfield>
   <subfield code="0">(DE-627)104660694</subfield>
   <subfield code="0">(DE-576)209610735</subfield>
   <subfield code="a">Ausgrabung</subfield>
   <subfield code="2">gnd</subfield>
  </datafield>
  <datafield tag="689" ind1="0" ind2=" ">
   <subfield code="5">(DE-627)</subfield>
  </datafield>
  <datafield tag="700" ind1="1" ind2=" ">
   <subfield code="a">Schwidetzky, Ilse</subfield>
   <subfield code="d">1907-1997</subfield>
   <subfield code="0">(DE-588)118760173</subfield>
   <subfield code="0">(DE-627)079540155</subfield>
   <subfield code="0">(DE-576)163015678</subfield>
   <subfield code="4">aut</subfield>
  </datafield>
  <datafield tag="787" ind1="0" ind2="8">
   <subfield code="i">Rezensiert in</subfield>
   <subfield code="a">Kubach, Hans Erich, 1909 - 1999</subfield>
   <subfield code="t">[Rezension von: Karlwerner Kaiser, Das Kloster St. German vor Speyer]</subfield>
   <subfield code="d">Nürnberg : Carl, 1956</subfield>
   <subfield code="w">(DE-627)1728956072</subfield>
  </datafield>
  <datafield tag="810" ind1="2" ind2=" ">
   <subfield code="a">Pfälzische Gesellschaft zur Förderung der Wissenschaften</subfield>
   <subfield code="t">Veröffentlichung / Pfälzische Gesellschaft zur Förderung der Wissenschaften in Speyer</subfield>
   <subfield code="v">33</subfield>
   <subfield code="9">33</subfield>
   <subfield code="w">(DE-627)130210218</subfield>
   <subfield code="w">(DE-576)015755495</subfield>
   <subfield code="w">(DE-600)534503-0</subfield>
   <subfield code="x">0480-2357</subfield>
   <subfield code="7">ns</subfield>
  </datafield>
  <datafield tag="889" ind1=" " ind2=" ">
   <subfield code="w">(DE-576)45193475X</subfield>
  </datafield>
  <datafield tag="889" ind1=" " ind2=" ">
   <subfield code="w">(DE-627)1739962095</subfield>
  </datafield>
  <datafield tag="935" ind1=" " ind2=" ">
   <subfield code="i">SLoT</subfield>
  </datafield>
  <datafield tag="936" ind1="r" ind2="v">
   <subfield code="a">NR 2165</subfield>
   <subfield code="b">Kloster- und Stiftsgeschichte</subfield>
   <subfield code="k">Geschichte</subfield>
   <subfield code="k">Landes- und Stadtgeschichte (Allgemeine, Deutsche und Österreichische Landes- und Stadtgeschichte, Ausländische Stadtgeschichte, Geschichte der Auslanddeutschen)</subfield>
   <subfield code="k">Deutsche Landesgeschichte im Einzelnen (einschl. ehemaliger deutscher Gebiete)</subfield>
   <subfield code="k">Rheinland-Pfalz</subfield>
   <subfield code="k">Kloster- und Stiftsgeschichte</subfield>
   <subfield code="0">(DE-627)1271473445</subfield>
   <subfield code="0">(DE-625)rvk/129191:</subfield>
   <subfield code="0">(DE-576)201473445</subfield>
  </datafield>
  <datafield tag="951" ind1=" " ind2=" ">
   <subfield code="a">BO</subfield>
  </datafield>
  <datafield tag="990" ind1=" " ind2=" ">
   <subfield code="a">Kloster St. German Speyer</subfield>
  </datafield>
  <datafield tag="990" ind1=" " ind2=" ">
   <subfield code="a">Ausgrabung</subfield>
  </datafield>
  <datafield tag="991" ind1=" " ind2=" ">
   <subfield code="a">Rezensiertes Werk</subfield>
  </datafield>
  <datafield tag="999" ind1=" " ind2=" ">
   <subfield code="a">KXP-PPN1123910960</subfield>
   <subfield code="e">4093807299</subfield>
  </datafield>
 </record>
</collection>
